Click Actors' First Name #1 - Statistics

General Stats
  • This quiz has been taken 1,118 times
  • The average score is 19 of 20
Answer Stats
Hint Answer % Correct
Jolie Angelina
97%
Downey Jr. Robert
97%
Sandler Adam
96%
Watson Emma
96%
Clooney George
96%
Jackman Hugh
96%
Chan Jackie
96%
Reynolds Ryan
96%
Johannson Scarlet
96%
Lawrence Jennifer
95%
Holland Tom
95%
Kidman Nicole
94%
Bullock Sandra
94%
Washington Denzel
92%
Barrymore Drew
92%
Ford Harrison
91%
Roberts Julia
91%
Hart Kevin
91%
Rudd Paul
90%
Myers Mike
88%
No matching quizzes found
Score Distribution
Percent of People with Each Score
Percentile by Number Answered
Your Score History
You have not taken this quiz